Tytuły książek o Wiedźminie A. Sapkowskiego - Statystyki

Ogólne statystyki
  • Ten quiz został rozwiązany 843 razy
  • Średni wynik to 6 z 9
Statystyki odpowiedzi
Odpowiedź % Poprawnych
Miecz Przeznaczenia
86%
Ostatnie Życzenie
86%
Krew Elfów
84%
Pani Jeziora
76%
Wieża Jaskółki
74%
Czas Pogardy
66%
Sezon Burz
66%
Chrzest Ognia
55%
Coś się kończy, coś się zaczyna
9%
Nie znaleziono quizów pasujących do podanych kryteriów
Rozkład punktacji
Procent ludzi z każdym wynikiem
Percentyl według liczby udzielonych odpowiedzi
Twoja historia wyników
Nie rozwiązałeś tego quizu